000 01323 a2200241 4500
001 54101
005 20260407155811.0
008 260407a2021 arg spa d
003 AR-UNSa-BCEJYS
040 _aAR-UNSa-BCEJYS
_bspa
_cAR-UNSa-BCEJYS
080 _a657.6
_xAuditoria (control interno)
245 1 0 _aAuditoría
_pconceptos y métodos
020 _a978-987-4055-23-1
250 _a6a. ed.
264 1 _aRosario :
_bFoja Cero
_c2021
300 _axv, 504 p.
_c29 cm.
505 _a1. La auditoría de estados financieros - 2. El proceso de la auditoría, la evidencia y su documentación - 3. Acuerdo del encargo, planeamiento e importancia relativa - 4. Identificación y evaluación de riesgos - 5. Respuesta a los riesgos identificados y evaluados.Enfoque conceptual - 6. Ejecución de procedimientos posteriores de auditoría - 7. Procedimientos de auditoría por ciclos - 8. Trabajos finales - 9. El informe del auditor sobre los estados financieros - 10. Otros trabajos e informes del auditor - 11. Sindicatura de sociedades y auditoría externa - 12. Responsabilidad del auditor -
041 _aspa
942 _cBK
590 _aniveau_biblio:m niveau_hierar:0
100 1 _aLattuca, Antonio Juan
856 4 1 _uhttps://biblioeco.unsa.edu.ar/pmb/images/libros/L128466.jpg
_yImagen de portada
_qimage/jpeg
999 _c5348
_d5348